| 000 | 00894nam a2200181 a 4500 | ||
|---|---|---|---|
| 008 | 120416s1995 ||||||||||||||||| || u | ||
| 020 | _a8170242509 | ||
| 050 | _aHD 58.7 Des | ||
| 100 | _aDesai, Arvindrai N | ||
| 245 | 1 | 0 | _aManagement strategies and organizational behaviour |
| 260 |
_aDelhi _bAshish publication house _c1995 |
||
| 350 | _a0.00 | ||
| 650 | 0 | _aMANAGEMENT | |
| 650 | _aORGANIZATIONAL BEHAVIOUR | ||
| 995 |
_aMAIN LIBRARY OPEN ACCESS _D0.00 _e732468 _FCBU-MAIN LIBRARY (Kitwe) _H2 _I0.00 _jHD 58.7 Des _M2 _UAVAILABLE _y029797 _ZMain Library Open Access Collection |
||
| 995 |
_aMAIN LIBRARY OPEN ACCESS _D0.00 _e732469 _FCBU-MAIN LIBRARY (Kitwe) _H3 _I0.00 _jHD 58.7 Des _M3 _UAVAILABLE _y029798 _ZMain Library Open Access Collection |
||
| 995 |
_aMAIN LIBRARY OPEN ACCESS _D0.00 _e732470 _FCBU-MAIN LIBRARY (Kitwe) _H1 _I0.00 _jHD 58.7 Des _M1 _UAVAILABLE _y029799 _ZMain Library Open Access Collection |
||
| 999 |
_c82481 _d82481 |
||